<?xml version="1.0" encoding="UTF-8"?>
<record
    xmlns:xsi="http://www.w3.org/2001/XMLSchema-instance"
    xsi:schemaLocation="http://www.loc.gov/MARC21/slim http://www.loc.gov/standards/marcxml/schema/MARC21slim.xsd"
    xmlns="http://www.loc.gov/MARC21/slim">

  <leader>00523nam a22001817a 4500</leader>
  <controlfield tag="003">OSt</controlfield>
  <controlfield tag="005">20210213142136.0</controlfield>
  <controlfield tag="008">210213b           ||||| |||| 00| 0 eng d</controlfield>
  <datafield tag="020" ind1=" " ind2=" ">
    <subfield code="a">9788123922676</subfield>
  </datafield>
  <datafield tag="040" ind1=" " ind2=" ">
    <subfield code="a">PHNSL</subfield>
    <subfield code="c">PHNSL</subfield>
  </datafield>
  <datafield tag="100" ind1=" " ind2=" ">
    <subfield code="a">Lal, Harbans</subfield>
  </datafield>
  <datafield tag="245" ind1=" " ind2=" ">
    <subfield code="a">Food and nutrition for medical nursing and allied sciences /</subfield>
    <subfield code="c">Harbans Lal.</subfield>
  </datafield>
  <datafield tag="250" ind1=" " ind2=" ">
    <subfield code="a">2nd ed.</subfield>
  </datafield>
  <datafield tag="260" ind1=" " ind2=" ">
    <subfield code="a">New Delhi :</subfield>
    <subfield code="b">CBS Publishers,</subfield>
    <subfield code="c">2013.</subfield>
  </datafield>
  <datafield tag="300" ind1=" " ind2=" ">
    <subfield code="a">x, 210 p. :</subfield>
    <subfield code="b">ill.</subfield>
  </datafield>
  <datafield tag="650" ind1=" " ind2=" ">
    <subfield code="a">Food and nutrition</subfield>
    <subfield code="v">Nursing</subfield>
    <subfield code="x">Health sciences</subfield>
  </datafield>
  <datafield tag="942" ind1=" " ind2=" ">
    <subfield code="2">lcc</subfield>
    <subfield code="c">BK</subfield>
  </datafield>
  <datafield tag="999" ind1=" " ind2=" ">
    <subfield code="c">290</subfield>
    <subfield code="d">290</subfield>
  </datafield>
  <datafield tag="952" ind1=" " ind2=" ">
    <subfield code="0">0</subfield>
    <subfield code="1">0</subfield>
    <subfield code="2">lcc</subfield>
    <subfield code="4">0</subfield>
    <subfield code="7">0</subfield>
    <subfield code="a">PHNS</subfield>
    <subfield code="b">PHNS</subfield>
    <subfield code="c">GEN</subfield>
    <subfield code="d">2021-02-13</subfield>
    <subfield code="o">TX353.L15</subfield>
    <subfield code="p">01406</subfield>
    <subfield code="r">2021-02-13 00:00:00</subfield>
    <subfield code="t">c.1</subfield>
    <subfield code="w">2021-02-13</subfield>
    <subfield code="y">BK</subfield>
    <subfield code="z">ekp 13/02/21</subfield>
  </datafield>
</record>
